000 01814nam a2200121Ia 4500
008 220620s9999||||xx |||||||||||||| ||und||
245 0 _aWater Flow, Solute and Heat Transfer in Groundwater
546 _aEnglish[eng]
650 _aartificial ground freezing method||groundwater flow||temperature field||freezing wall||effective hydraulic conductivity||fractured media||gravitational force||numerical method||rock penetration||colloid size||colloid transport||underground water-sealed oil storage cavern||seawater intrusion||island tidal environment||vertical water curtain system||multi-physical field coupling||scenario-based projections||HYDRUS 1-D||aridity index||water balance||grassland||root water stress||groundwater protection||wellhead protection area (WHPA)||uncertainty analysis||soil moisture||groundwater recharge||evapotranspiration||vadose zone||soil hydraulic property||climate||NAPL||volume averaging||upscaling||mass transfer||fractured aquitard||groundwater pollution||microbial community’s diversity||dehalogenation||tribromoneopentyl alcohol||1-bromo-1-chloroethane||geothermal water reservoir||well spacing||direct geothermal district heating system||indirect geothermal district heating system||multiobjective optimization||technical and economic evaluation||Richards’-equation||simulation||algebraic multigrid||preconditioner||residual saturation||porous media||permeability||entrapped air||two-phase flow||ascending relief well||groundwater||seepage||sand-tank||modeling||Dupuit formula||Dupuit-Thiem formula||porous and fractured media||contaminant transport||heat transfer||parameters||colloids||microbial community||field and laboratory studies||mathematical modeling
700 _aYakirevich, Alexander
856 _uhttps://mdpi.com/books/pdfview/book/3270
942 _cEB
999 _c25332
_d25332